Statistics for Biggest City in Each US State on a Map

Click here to take the quiz!

General Stats

  • This quiz has been taken 258 times
  • The average score is 45 of 50

Answers on the Map

Answers color-coded by a green-red scale on the quiz's map according to % correct below.
 

Answer Stats

StatePopulationCity% Correct
California3,979,576Los Angeles
100%
Washington753,675Seattle
100%
Massachusetts692,600Boston
99%
Illinois2,693,976Chicago
99%
Texas2,320,268Houston
99%
Nevada651,319Las Vegas
99%
New York8,336,817New York City
99%
Georgia506,811Atlanta
98%
Indiana876,384Indianapolis
98%
Oklahoma655,057Oklahoma City
98%
Pennsylvania1,584,064Philadelphia
98%
Arizona1,680,992Phoenix
98%
Michigan670,031Detroit
97%
Mississippi160,628Jackson
97%
Minnesota429,606Minneapolis
97%
Louisiana390,144New Orleans
97%
Maine66,215Portland
97%
Oregon654,741Portland
97%
Colorado727,211Denver
96%
Hawaii345,064Honolulu
96%
Florida911,507Jacksonville
96%
Missouri495,327Kansas City
96%
Utah200,567Salt Lake City
96%
Maryland593,490Baltimore
95%
Tennessee670,820Nashville
95%
Alaska288,000Anchorage
94%
Ohio898,553Columbus
94%
Idaho228,959Boise
93%
New Mexico560,513Albuquerque
92%
Wisconsin590,157Milwaukee
92%
North Carolina885,708Charlotte
91%
Kentucky617,638Louisville
88%
Alabama209,403Birmingham
86%
Nebraska478,192Omaha
86%
West Virginia46,536Charleston
85%
South Carolina137,566Charleston
85%
Iowa214,237Des Moines
85%
Rhode Island179,883Providence
85%
New Jersey282,011Newark
84%
Virginia449,974Virginia Beach
84%
Arkansas197,312Little Rock
83%
Wyoming64,235Cheyenne
82%
Kansas389,938Wichita
81%
South Dakota183,793Sioux Falls
78%
North Dakota124,662Fargo
74%
Montana109,577Billings
70%
Vermont42,819Burlington
65%
New Hampshire112,673Manchester
65%
Delaware70,851Wilmington
65%
Connecticut144,399Bridgeport
63%

Score Distribution

Percentile by Number Answered

Percent of People with Each Score

Your Score History

You have not taken this quiz